|
|
แสดงรายละเอียดบรรณานุกรม |
|
|
Brief Record
: Get Marc (ISO 2709)
: E-mail record
: |
|
|
| LEADER 00000nama 2200000uu 4500 | |||
| 008 040531s|||| th m m a000 0 tha d | |||
| 020 978-0-7817-9280-6 | |||
| 041 eng | |||
| 050 WY152.5 C2672 2010 | |||
| 100 Woods,L.Susan...[et al]. | |||
| 245 Cardiac nursing/[edited by] Susan L.woods...[et al]. | |||
| 246 0 ^aโครงการผลิตพยาบาลชุมชนฯ ครั้งที่1/2553. | |||
| 250 ^a6 th ed. | |||
| 260 Nonthaburi. Wolters Kluwer/Lippincott Williams & Wilkins. 2010. | |||
| 300 ^a955 p. | |||
| 500 ^aโครงการผลิตพยาบาลชุมชนฯ ครั้งที่1/2553. | |||
| 600 I.Wood,Susan L. | |||
| 995 001 | |||
| 999 ^aใช้งานได้ทุกระบบ | |||
| คุณยังไม่ได้ล็อกอิน คุณสามารถมีกิจกรรมร่วมกับเว็บไซต์ได้ แต่ต้องล็อกอินก่อน :: |
|
| สถานะ | |||||||||
| 1. | หนังสือทั่วไป | WY152.5 C2672 2010 | On Shelf ขอยืม | ||||||
| [แสดง 1/1 รายการ] | |||||||||
BibComment |
| คอมเมนท์ทรัพยากรรายการนี้ |
|
|